000 00703nam a2200253 a 4500
999 _c12501
_d12501
001 12501
003 BD-JhCC
005 20220314121258.0
008 220314t1996 pk |||| ||a| 000 0 eng d
020 _a9694480426
035 _a(BD-JhCC)12501
040 _aBD-JhCC
_dBD-JhCC
041 _aEnglish
082 _a378.73297
_bIQB 1996
100 _aIqbal, Dr M. Zafar
245 _aTea Chers Training The Islamic Perspective /
_cDr M. Zafar Iqbal.
260 _aPakistan :
_bShirkat Printing press;
_c1996.
300 _a340 p. :
_c22 cm.
490 _aAcademic Dissertation Series-7
650 _aTeachers--Training of
650 _aIslamic Carriculam.
942 _2ddc
_cBK